[Event "Jena Schwarzer Baer op"]
[Site "Jena"]
[Date "2009.02.07"]
[Round "6"]
[White "Weber, Enrico"]
[Black "Binder, Andreas"]
[Result "1/2-1/2"]
[WhiteElo "1247"]
[BlackElo "1634"]
[PlyCount "24"]
[EventDate "2009.02.04"]
[EventType "swiss"]
[EventRounds "7"]
[EventCountry "GER"]
[SourceTitle "EXT 2010"]
[Source "ChessBase"]
[SourceDate "2010.11.25"]
[SourceVersion "1"]
[SourceVersionDate "2010.11.25"]
[SourceQuality "1"]

1. d4 Nf6 2. c4 g6 3. Nc3 Bg7 4. e4 d6 5. Be3 0-0 6. Be2 b6 7. f4 Bb7 8. Bd3 Ne8 9. Nf3 Nd7 10. 0-0 c5 11. d5 Nc7 12. Qc2 Re8 1/2-1/2

[Event "Jena Schwarzer Baer op"]
[Site "Jena"]
[Date "2009.02.07"]
[Round "3"]
[White "Zabrocki, Daniel"]
[Black "Weber, Enrico"]
[Result "0-1"]
[WhiteElo "804"]
[BlackElo "1247"]
[PlyCount "80"]
[EventDate "2009.02.04"]
[EventType "swiss"]
[EventRounds "7"]
[EventCountry "GER"]
[SourceTitle "EXT 2010"]
[Source "ChessBase"]
[SourceDate "2010.11.25"]
[SourceVersion "1"]
[SourceVersionDate "2010.11.25"]
[SourceQuality "1"]

1. e4 c5 2. Nf3 Nc6 3. d4 cxd4 4. Nxd4 g6 5. Be3 Bg7 6. Nc3 e6 7. Qd2 Nge7 8. 0-0-0 0-0 9. Kb1 a6 10. g4 Qc7 11. h4 Ne5 12. Be2 b5 13. h5 Bb7 14. f3 b4 15. Na4 Qa5 16. b3 d5 17. hxg6 fxg6 18. Nxe6 Nxf3 19. Bxf3 Rxf3 20. Rhf1 Bc3 21. Nxc3 bxc3 22. Qd4 Rf7 23. Rxf7 Kxf7 24. Ng5+ Ke8 25. b4 Qb5 26. Qxc3 Rc8 27. Qb3 Rc4 28. a3 a5 29. c3 a4 30. Qb2 h6 31. Nh7 dxe4 32. Rd4 Rxd4 33. Bxd4 Qd3+ 34. Ka2 Bd5+ 35. Ka1 e3 36. Nf6+ Kf7 37. Nxd5 Nxd5 38. Bxe3 Nxe3 39. Qf2+ Kg7 40. Kb2 Nd1+ 0-1

[Event "Jena Schwarzer Baer op"]
[Site "Jena"]
[Date "2009.02.05"]
[Round "2"]
[White "Weber, Enrico"]
[Black "Bluhm, Sonja Maria"]
[Result "0-1"]
[WhiteElo "1247"]
[BlackElo "1676"]
[PlyCount "98"]
[EventDate "2009.02.04"]
[EventType "swiss"]
[EventRounds "7"]
[EventCountry "GER"]
[SourceTitle "EXT 2010"]
[Source "ChessBase"]
[SourceDate "2010.11.25"]
[SourceVersion "1"]
[SourceVersionDate "2010.11.25"]
[SourceQuality "1"]

1. d4 d5 2. c4 c6 3. cxd5 cxd5 4. Nc3 Nf6 5. Bg5 Nc6 6. Nf3 Ne4 7. Bh4 f6 8. e3 h5 9. h3 g5 10. Bg3 Nxg3 11. fxg3 a6 12. Bd3 Rh6 13. Qc2 Bg7 14. a3 Qd6 15. Kf2 Be6 16. Rhd1 Kf8 17. e4 g4 18. exd5 gxf3 19. dxc6 bxc6 20. Be4 fxg2 21. Bxg2 Rb8 22. d5 Qc5+ 23. Kf1 cxd5 24. Rac1 d4 25. Qe4 f5 26. Qf4 Rxb2 27. Ne2 Qb5 28. Qf3 Bc4 29. Re1 d3 30. Rxc4 dxe2+ 31. Rxe2 Rd6 32. Rc8+ Kf7 33. Qxh5+ Rg6 34. Rc1 Qxe2+ 35. Qxe2 Rxe2 36. Kxe2 Rxg3 37. Bb7 Rxa3 38. h4 f4 39. Rc2 a5 40. Rc4 Be5 41. Bc6 Ke6 42. h5 Re3+ 43. Kf1 Rh3 44. Be8 Kd5 45. Ra4 Bc7 46. Kg2 Rg3+ 47. Kf2 Bb6+ 48. Kf1 f3 49. Bb5 Rg1# 0-1

[Event "Leipzig VfB op 11th"]
[Site "Leipzig"]
[Date "2004.03.17"]
[Round "2"]
[White "Weber, Enrico"]
[Black "Hasenclever, Leonard"]
[Result "1/2-1/2"]
[WhiteElo "1655"]
[BlackElo "1280"]
[PlyCount "100"]
[EventDate "2004.03.16"]
[EventType "swiss"]
[EventRounds "9"]
[EventCountry "GER"]
[SourceTitle "EXT 2007"]
[Source "ChessBase"]
[SourceDate "2006.11.23"]
[SourceVersion "1"]
[SourceVersionDate "2006.11.23"]
[SourceQuality "1"]

1. d4 Nf6 2. c4 c5 3. d5 b5 4. b3 bxc4 5. bxc4 d6 6. Nc3 g6 7. f3 Bg7 8. Bd2 0-0 9. e4 Nbd7 10. Bd3 Ne5 11. Bc2 Nxc4 12. Nge2 Ba6 13. 0-0 Rb8 14. Rb1 Rxb1 15. Bxb1 Qb6 16. Re1 Nd7 17. Na4 Qb7 18. Bc3 Nb2 19. Bxb2 Bxb2 20. Qc2 Bg7 21. a3 Rb8 22. Ba2 Ne5 23. f4 Nd3 24. Rd1 Nb2 25. Rd2 Nxa4 26. Qxa4 Qb5 27. Qc2 Qb2 28. e5 Qxc2 29. Rxc2 Rc8 30. exd6 exd6 31. Bc4 Bxc4 32. Rxc4 Rb8 33. Ra4 Rb7 34. Kf2 Kf8 35. Ke3 Ke8 36. g4 Rc7 37. Kd3 Kd8 38. Nc3 Bxc3 39. Kxc3 Kc8 40. Ra6 Rd7 41. Kc4 Kb7 42. Rc6 Kb8 43. a4 Kb7 44. a5 a6 45. h4 Rd8 46. Kd3 f5 47. g5 Rd7 48. Kc4 Rd8 49. Rb6+ Ka7 50. Rc6 Kb7 1/2-1/2

[Event "Leipzig VfB op 09th"]
[Site "Leipzig"]
[Date "2002.03.08"]
[Round "6"]
[White "Weber, Enrico"]
[Black "Haase, Christian"]
[Result "0-1"]
[WhiteElo "1663"]
[BlackElo "1453"]
[PlyCount "70"]
[EventDate "2002.03.05"]
[EventType "swiss"]
[EventRounds "9"]
[EventCountry "GER"]
[SourceTitle "EXT 2007"]
[Source "ChessBase"]
[SourceDate "2006.11.23"]
[SourceVersion "1"]
[SourceVersionDate "2006.11.23"]
[SourceQuality "1"]

1. d4 Nf6 2. c4 g6 3. Nc3 Bg7 4. e4 d6 5. h3 0-0 6. Nf3 e5 7. d5 Nbd7 8. Bg5 h6 9. Bh4 Re8 10. Be2 Nf8 11. Qd2 N8h7 12. 0-0 g5 13. Bg3 Nh5 14. Ne1 Nf4 15. Nd3 Qf6 16. Qd1 Qg6 17. Bxf4 gxf4 18. Bg4 Nf6 19. Bxc8 Raxc8 20. f3 Kh7 21. Rf2 Nh5 22. Kf1 Ng3+ 23. Ke1 f5 24. exf5 Nxf5 25. Qe2 Bf6 26. Kd2 Bh4 27. Rff1 Ng3 28. Qd1 Nxf1+ 29. Qxf1 Rg8 30. Ne2 Qxg2 31. Qb1 Kh8 32. Qf1 Rg3 33. Kc3 Qxf1 34. Rxf1 Rxh3 35. Nf2 Rxf3+ 0-1

[Event "Leipzig VfB op 09th"]
[Site "Leipzig"]
[Date "2002.03.07"]
[Round "5"]
[White "Mueller, Peter"]
[Black "Weber, Enrico"]
[Result "0-1"]
[WhiteElo "1366"]
[BlackElo "1663"]
[PlyCount "94"]
[EventDate "2002.03.05"]
[EventType "swiss"]
[EventRounds "9"]
[EventCountry "GER"]
[SourceTitle "EXT 2007"]
[Source "ChessBase"]
[SourceDate "2006.11.23"]
[SourceVersion "1"]
[SourceVersionDate "2006.11.23"]
[SourceQuality "1"]

1. e4 c5 2. d4 cxd4 3. Nf3 e6 4. Nxd4 Nf6 5. Nc3 Bb4 6. e5 Nd5 7. Qf3 Qc7 8. Nde2 Bxc3+ 9. bxc3 Qxe5 10. Bb2 0-0 11. 0-0-0 Qg5+ 12. Kb1 Qe7 13. Qg3 f5 14. f4 Nc6 15. h4 Na5 16. Nd4 Qd6 17. Nxf5 exf5 18. c4 Nc3+ 19. Bxc3 Qxd1+ 20. Kb2 Rf7 21. Qg5 Nc6 22. c5 Qd5 23. Rh3 Qxc5 24. Rg3 Nd4 25. h5 Ne6 26. Qh4 h6 27. Rg6 Qb6+ 28. Ka3 Qd6+ 29. Kb2 Qxf4 30. Bxg7 Rxg7 31. Rxg7+ Kxg7 32. Qe7+ Kg8 33. Bd3 Qe5+ 34. Kb1 Qg7 35. Qe8+ Nf8 36. Bxf5 b6 37. Qe4 Bb7 38. Qxb7 Re8 39. Qd5+ Kh8 40. Qd2 Re5 41. Bd3 Rxh5 42. c3 Rg5 43. Be4 Rg3 44. Kb2 b5 45. a3 a5 46. Kb3 Ne6 47. Qd5 Qxc3+ 0-1